| 000 | 00855nam a22002417a 4500 | ||
|---|---|---|---|
| 003 | OSt | ||
| 008 | 231026t1985 ck gr 000 jbspa d | ||
| 020 | _a8482804863 | ||
| 040 |
_aCO-JMCR _cCO-JMCR _dCO-JMCR _erda _bspa |
||
| 041 | 0 | _aspa | |
| 082 | 0 | 4 |
_aA-C _bCUEi |
| 100 | 1 |
_943528 _aCuervo, Germán, _eautor _d1950- |
|
| 245 | 1 | 4 |
_aLos indios que mató John Wayne / _cGerman Cuervo |
| 260 | _c1985 | ||
| 264 |
_aColombia : _bEditorial Oveja Negra , _c©1985 |
||
| 300 |
_a155 páginas ; _c19 cm. |
||
| 500 | _aIncluye datos biográficos del autor | ||
| 505 | 0 | _aLos indios que mato John Wayne... pág7 -- El acero del norte... pág. 13 -- Gloria luna...pág. 21 | |
| 650 | 1 | 4 |
_ySiglo XX _940443 |
| 650 | 2 | 4 |
_ySIglo XX _939161 |
| 999 |
_c30286 _d16670 |
||